Минеральное сырье: от недр до рынка. Т. 2: Цветные металлы (Запись № 1680840)

Подробности
000 -МАРКЕР
контрольное поле 01481nam2a2200289 4500
001 - ИДЕНТИФИКАТОР ЗАПИСИ
контрольное поле RU\NLR\bibl\1787500
005 - ИДЕНТИФИКАТОР ВЕРСИИ
контрольное поле 20260405223358.0
010 ## - МЕЖДУНАРОДНЫЙ СТАНДАРТНЫЙ НОМЕР КНИГИ (ISBN)
Номер (ISBN) 978-5-915-22248-8
021 ## - НОМЕР ГОСУДАРСТВЕННОЙ РЕГИСТРАЦИИ
Код страны Российская Федерация
Номер 2011-46211
Номер Листа государственной регистраци 3285
035 ## - ДРУГИЕ СИСТЕМНЫЕ НОМЕРА
Идентификатор записи (NLR Aleph) 001778218
100 ## - ДАННЫЕ ОБЩЕЙ ОБРАБОТКИ
Данные общей обработки 20110712d2011 |||y0rusy50 ca
101 0# - ЯЗЫК РЕСУРСА
Язык текста, звукозаписи и т.д. русский
102 ## - СТРАНА ПУБЛИКАЦИИ ИЛИ ПРОИЗВОДСТВА
Страна публикации Российская Федерация
105 ## - ПОЛЕ КОДИРОВАННЫХ ДАННЫХ: ТЕКСТОВЫЕ МАТЕРИАЛЫ, МОНОГРАФИЧЕСКИЕ
Кодированные данные о монографическом текстовом документе a |||||||||
200 1# - ЗАГЛАВИЕ И СВЕДЕНИЯ ОБ ОТВЕТСТВЕННОСТИ
Основное заглавие Цветные металлы
Сведения, относящиеся к заглавию алюминий, медь, никель, олово, свинец, цинк
Первые сведения об ответственности [Л.И. Ремизова, Л.В. Игревская, А.М. Лаптева и др.]
215 ## - ФИЗИЧЕСКАЯ ХАРАКТЕРИСТИКА
Специфическое обозначение материала и объем 489, [1] с.
Другие сведения о физической характеристике ил.
461 #0 - УРОВЕНЬ НАБОРА
Встроенное поле 001RU\NLR\bibl\1789916
-- 2001#$aМинеральное сырье: от недр до рынка$vТ. 2
Системный номер (АБИС) связанной записи 1695285
Место публикации Москва
Дата публикации 2011
Первые сведения об ответственности отв. ред.: А.П. Ставский]
Имя издателя, распространителя и т.д. Научный мир
Сведения, относящиеся к заглавию [в 3 т.
Заглавие Минеральное сырье: от недр до рынка
Номер тома Т. 2
606 1# - НАИМЕНОВАНИЕ ТЕМЫ КАК ПРЕДМЕТ
Наименование темы Руды цветных металлов
Тематический подзаголовок Месторождения
Системный номер авторитетной/нормативной записи 1564047
Идентификатор авторитетной/нормативной записи RU\NLR\auth\66984551
686 ## - ИНДЕКСЫ ДРУГИХ КЛАССИФИКАЦИЙ
Индекс Д451.3
701 #1 - ИМЯ ЛИЦА - АЛЬТЕРНАТИВНАЯ ОТВЕТСТВЕННОСТЬ
Начальный элемент ввода Ремизова
Часть имени, кроме начального элемента ввода Л. И.
Код отношения Автор
701 #1 - ИМЯ ЛИЦА - АЛЬТЕРНАТИВНАЯ ОТВЕТСТВЕННОСТЬ
Код отношения Автор
Материалы, к которым относится поле rus
Графика поля Кириллица
Начальный элемент ввода Игревская
Часть имени, кроме начального элемента ввода Л. В.
Расширение инициалов личного имени Людмила Валерьевна
Идентификатор авторитетной/нормативной записи RU\NLR\auth\7794970
Системный номер авторитетной/нормативной записи 77896
701 #1 - ИМЯ ЛИЦА - АЛЬТЕРНАТИВНАЯ ОТВЕТСТВЕННОСТЬ
Код отношения Автор
Материалы, к которым относится поле rus
Графика поля Кириллица
Начальный элемент ввода Лаптева
Часть имени, кроме начального элемента ввода А. М.
Дополнения к именам, кроме дат канд. геол.-минерал. наук
Расширение инициалов личного имени Анна Михайловна
Идентификатор авторитетной/нормативной записи RU\NLR\auth\77101572
Системный номер авторитетной/нормативной записи 84498
801 #0 - ИСТОЧНИК ЗАПИСИ
Страна Российская Федерация
Организация NLR
Дата составления 20110712
Правила каталогизации RCR
801 #1 - ИСТОЧНИК ЗАПИСИ
Страна Российская Федерация
Организация NLR
Дата составления 20110712
942 ## - ДОПОЛНИТЕЛЬНЫЕ ЭЛЕМЕНТЫ ЗАПИСИ (АБИС)
Тип экземпляра АБИС Книга
980 ## - КОЛЛЕКЦИЯ
Название коллекции Национальная библиография
Экземпляры
Тип экземпляра Дата поступления Источник поступления Библиотека постоянного хранения Библиотека текущего хранения Место хранения Шифр хранения Штрих-код Статус экземпляра
Книга 12.07.2011 Обязательный экземпляр РНБ (Московский) РНБ (Московский) Русский книжный фонд: издания с 1957 года 2011-7/3538 3449782  
Книга 12.07.2011 Обязательный экземпляр РНБ (Московский) РНБ (Московский) Русский книжный фонд: издания с 1957 года 2011-7/3538 3449783